Essentials of English in objective form (Record no. 3322)

MARC details
000 -LEADER
fixed length control field 00345nam a22001337a 4500
008 - FIXED-LENGTH DATA ELEMENTS--GENERAL INFORMATION
fixed length control field 250506b |||||||| |||| 00| 0 eng d
020 ## - INTERNATIONAL STANDARD BOOK NUMBER
ISBN 9781630574
100 ## - MAIN ENTRY--AUTHOR
Author Adaramola J.O
245 ## - TITLE STATEMENT
Title Essentials of English in objective form
260 ## - PUBLICATION, DISTRIBUTION, ETC. (IMPRINT)
Place of publication Ikeja
Name of publisher John west publication LTD.
Date of publication 1986
300 ## - COLLATION
Pagination 174p.
942 ## - ADDED ENTRY ELEMENTS (KOHA)
Item type Books
050 ## - LIBRARY OF CONGRESS CALL NUMBER
Classification number PE1065
Item number .A33
Holdings
Source of classification or shelving scheme Not for loan Permanent location Current location Date acquired Accession No. Full call number Barcode. Koha item type
Library of Congress Classification   Samuel Ogbemudia Main Library, University of Abuja Samuel Ogbemudia Main Library, University of Abuja 05/06/2025 93/011295 PE1065.A33 2025-1780 Books